000 00317nam a2200133Ia 4500
005 20251222155039.0
008 251222s9999||||xx |||||||||||||| ||spa||
082 _aAFIS 08
100 _aVIDAL, Jorge,
245 0 _aAnatomía Fisiología e Higiene
250 _a34va. ed.
264 _bEditial Bruño
942 _cLIB
999 _c36856
_d36856